| Tag |
First Indicator |
Second Indicator |
Subfields |
| LEADER |
00000cam a2200000Ia 4500 |
| 001 |
in00002012203 |
| 005 |
20151031153909.0 |
| 008 |
840217s1909 fr ac b 000 0afre d |
| 035 |
|
|
|a (OCoLC)ocm10428777
|
| 040 |
|
|
|a TJC
|c TJC
|d OCLCQ
|d TXA
|d UtOrBLW
|
| 043 |
|
|
|a e-fr---
|
| 049 |
|
|
|a TXAM
|
| 090 |
|
|
|a PN2638.D874
|b A3 1909
|
| 100 |
1 |
|
|a Duthé, Catherine Rosalie Gérard,
|d 1748-1830.
|
| 245 |
1 |
0 |
|a Souvenirs de mlle Duthé de l'Opéra (1748-1830) /
|c avec introduction et notes de Paul Ginisty ; illustrations et documents de l'époque.
|
| 264 |
|
1 |
|a Paris :
|b L. Michaud,
|c [1909]
|
| 300 |
|
|
|a 320 pages :
|b illustrations, portraits ;
|c 20 cm.
|
| 336 |
|
|
|a text
|b txt
|2 rdacontent
|
| 337 |
|
|
|a unmediated
|b n
|2 rdamedia
|
| 338 |
|
|
|a volume
|b nc
|2 rdacarrier
|
| 490 |
1 |
|
|a Les Mœurs légères au XVIIIe siècle
|
| 500 |
|
|
|a Originally published 1833: Galanteries d'une demoiselle du monde, ou, Souvenirs de mlle Duthé.
|
| 504 |
|
|
|a Includes bibliographical references.
|
| 500 |
|
|
|a Reference: Lorenz, 21:419.
|
| 536 |
|
|
|a From the Howard Mayer Brown, Edward Downes and Mary Schieffelin book collections, October 2004.
|
| 600 |
1 |
0 |
|a Duthé, Catherine Rosalie Gérard,
|d 1748-1830.
|
| 651 |
|
0 |
|a Paris (France)
|x Social life and customs.
|
| 700 |
1 |
|
|a Ginisty, Paul,
|d 1855-1932.
|
| 830 |
|
0 |
|a Mœurs légères au XVIIIe siècle.
|
| 948 |
|
|
|a cataloged
|b h
|c 2004/12/17
|d c
|e jgreene
|f 10:51:21 am
|
| 994 |
|
|
|a E0
|b TXA
|
| 999 |
|
|
|a MARS
|
| 999 |
f |
f |
|s 3129ac42-ff17-3a32-bddc-e0a99ae4c2a8
|i e144ddf0-2c11-3a90-9d89-b198fdf2f899
|t 0
|
| 952 |
f |
f |
|p storage
|a Texas A&M University
|b J.J. Pickle Campus
|c High Density Repository
|d Remote Storage
|t 0
|e PN2638.D874 A3 1909
|h Library of Congress classification
|i unmediated -- volume
|m A14831694279
|
| 998 |
f |
f |
|a PN2638.D874 A3 1909
|t 0
|l Remote Storage
|